000 00261nam a2200121Ia 4500
005 20251222144703.0
008 251222s9999||||xx |||||||||||||| ||spa||
020 _a84-86120-03-9
082 _a914.641/V61
245 0 _aMadrid:
264 _bTania
942 _cLIB
999 _c17534
_d17534